<?xml version="1.0" encoding="UTF-8"?>
<record
    xmlns:xsi="http://www.w3.org/2001/XMLSchema-instance"
    xsi:schemaLocation="http://www.loc.gov/MARC21/slim http://www.loc.gov/standards/marcxml/schema/MARC21slim.xsd"
    xmlns="http://www.loc.gov/MARC21/slim">

  <leader>01312na  a2200373   4500</leader>
  <controlfield tag="001">15682</controlfield>
  <controlfield tag="003">MIRAKIL</controlfield>
  <controlfield tag="005">20181213154948.0</controlfield>
  <controlfield tag="008">161020b        tu            000 0      </controlfield>
  <datafield tag="020" ind1=" " ind2=" ">
    <subfield code="a">9755129359</subfield>
  </datafield>
  <datafield tag="035" ind1=" " ind2=" ">
    <subfield code="a">15682</subfield>
  </datafield>
  <datafield tag="040" ind1=" " ind2=" ">
    <subfield code="a">Milas</subfield>
    <subfield code="b">tur</subfield>
    <subfield code="c">TR-AnCHP</subfield>
  </datafield>
  <datafield tag="041" ind1=" " ind2=" ">
    <subfield code="a">tur</subfield>
  </datafield>
  <datafield tag="082" ind1=" " ind2=" ">
    <subfield code="a">956.101591992</subfield>
    <subfield code="b">B55a 2005</subfield>
  </datafield>
  <datafield tag="090" ind1=" " ind2=" ">
    <subfield code="a">956.101591992 B55a 2005</subfield>
  </datafield>
  <datafield tag="100" ind1=" " ind2=" ">
    <subfield code="a">Binark, &#x130;smet</subfield>
    <subfield code="d">1941-</subfield>
  </datafield>
  <datafield tag="245" ind1=" " ind2=" ">
    <subfield code="a">As&#x131;ls&#x131;z Ermeni iddialar&#x131; ve Ermenilerin T&#xFC;rklere yapt&#x131;klar&#x131; mezalim</subfield>
    <subfield code="b">Yaz&#x131;l&#x131; ar&#x15F;iv belgeleri ve foto&#x11F;raflarla </subfield>
    <subfield code="c">&#x130;smet Binark</subfield>
  </datafield>
  <datafield tag="246" ind1=" " ind2=" ">
    <subfield code="a">Ermeni iddialar&#x131;</subfield>
  </datafield>
  <datafield tag="246" ind1=" " ind2=" ">
    <subfield code="a">Ermenilerin T&#xFC;rklere yapt&#x131;klar&#x131; mezalim</subfield>
  </datafield>
  <datafield tag="246" ind1=" " ind2=" ">
    <subfield code="a">Yaz&#x131;l&#x131; ar&#x15F;iv belgeleri ve foto&#x11F;raflarla Ermeni iddialar&#x131;</subfield>
  </datafield>
  <datafield tag="260" ind1=" " ind2=" ">
    <subfield code="a">Ankara</subfield>
    <subfield code="b">Ankara Ticaret Odas&#x131;</subfield>
    <subfield code="c">2005</subfield>
  </datafield>
  <datafield tag="300" ind1=" " ind2=" ">
    <subfield code="a">xx, 342 s.</subfield>
    <subfield code="b">fot&#x11F;. ; tbl.</subfield>
    <subfield code="c">20 sm.</subfield>
  </datafield>
  <datafield tag="490" ind1=" " ind2=" ">
    <subfield code="a">Ankara Ticaret Odas&#x131; yay&#x131;n&#x131;</subfield>
    <subfield code="v">16</subfield>
  </datafield>
  <datafield tag="500" ind1=" " ind2=" ">
    <subfield code="a">Yap&#x131;t Osmanl&#x131; T&#xFC;rk&#xE7;esi metinler i&#xE7;erir.</subfield>
  </datafield>
  <datafield tag="504" ind1=" " ind2=" ">
    <subfield code="a">Kaynak&#xE7;a var.</subfield>
  </datafield>
  <datafield tag="650" ind1=" " ind2=" ">
    <subfield code="a">Soyk&#x131;r&#x131;m</subfield>
    <subfield code="x">Belgeler</subfield>
    <subfield code="z">Ermenistan</subfield>
  </datafield>
  <datafield tag="650" ind1=" " ind2=" ">
    <subfield code="a">Ermeni soyk&#x131;r&#x131;m&#x131;</subfield>
    <subfield code="x">Belgeler</subfield>
  </datafield>
  <datafield tag="650" ind1=" " ind2=" ">
    <subfield code="a">Ermeni sorunu</subfield>
    <subfield code="x">Tarih</subfield>
    <subfield code="y">Belgeler</subfield>
    <subfield code="z">T&#xFC;rkiye</subfield>
  </datafield>
  <datafield tag="651" ind1=" " ind2=" ">
    <subfield code="a">T&#xFC;rkiye</subfield>
    <subfield code="x">Etnik ili&#x15F;kiler</subfield>
    <subfield code="y">Ermeniler</subfield>
  </datafield>
  <datafield tag="651" ind1=" " ind2=" ">
    <subfield code="a">T&#xFC;rkiye</subfield>
    <subfield code="x">Tehcir kanunu</subfield>
  </datafield>
  <datafield tag="651" ind1=" " ind2=" ">
    <subfield code="a">Ermenistan</subfield>
    <subfield code="x">Tarih</subfield>
    <subfield code="y">Belgeler</subfield>
  </datafield>
  <datafield tag="657" ind1=" " ind2=" ">
    <subfield code="a">Ermeni meselesi</subfield>
  </datafield>
  <datafield tag="942" ind1=" " ind2=" ">
    <subfield code="2">ddc</subfield>
    <subfield code="c">BKS</subfield>
  </datafield>
  <datafield tag="952" ind1=" " ind2=" ">
    <subfield code="a">0001</subfield>
    <subfield code="b">0001</subfield>
    <subfield code="d">2016-09-20</subfield>
    <subfield code="e">2</subfield>
    <subfield code="l">0</subfield>
    <subfield code="o">956.101591992 B55a 2005</subfield>
    <subfield code="p">005096</subfield>
    <subfield code="r">2016-09-20 00:00:00</subfield>
    <subfield code="v">0.00</subfield>
    <subfield code="w">2016-09-20</subfield>
    <subfield code="y">BKS</subfield>
  </datafield>
  <datafield tag="952" ind1=" " ind2=" ">
    <subfield code="a">0002</subfield>
    <subfield code="b">0002</subfield>
    <subfield code="d">2016-10-01</subfield>
    <subfield code="e">2</subfield>
    <subfield code="l">0</subfield>
    <subfield code="o">956.101591992 B55a 2005</subfield>
    <subfield code="p">P00654</subfield>
    <subfield code="r">2016-10-01 00:00:00</subfield>
    <subfield code="w">2016-10-01</subfield>
    <subfield code="y">BKS</subfield>
  </datafield>
  <datafield tag="999" ind1=" " ind2=" ">
    <subfield code="c">3952</subfield>
    <subfield code="d">3952</subfield>
  </datafield>
</record>
